| 000 | 02643nam0a2200421 i 4500 | ||
|---|---|---|---|
| 001 | RU\NLR\BIBL_A\011103148 | ||
| 005 | 20260409065159.0 | ||
| 010 |
_a9785996707478 _91000 |
||
| 021 |
_aRU _b2016-24201 _91539 |
||
| 035 | _a(NILC)RuMoRGB-008259081 | ||
| 035 | _a(NLR Aleph) 011103148 | ||
| 090 |
_a11431405 _c11431405 |
||
| 100 | _a20160415d2015 km y0rusy50 ca | ||
| 101 | 0 |
_arus _deng |
|
| 102 | _aRU | ||
| 105 | _aa|||z|||100yy | ||
| 200 | 1 |
_aФормирование предметно-пространственной среды современного города: Архитектура. Строительство. Дизайн _eсборник материалов ежегодной Всероссийской научно-практической конференции (с международным участием), 12-15 октября 2015 г. _fпод общ. ред. Чернышовой Э. П., Григорьева А. Д. |
|
| 210 |
_aМагнитогорск _cИЦ МГТУ _d2015 |
||
| 215 |
_a266 с. _cил., табл. _d20 |
||
| 300 | _aВ надзаг.: М-во образования и науки Рос. Федерации, Магнитогор. гос. техн. ун-т им. Г.И. Носова | ||
| 300 | _aРез. на англ. яз. | ||
| 320 | _aБиблиогр. в конце докл. | ||
| 606 |
_aАрхитектура _jСъезды, совещания и т.п _9992079 _3RU\NLR\AUTH\6657014 |
||
| 606 |
_aСтроительное дело _jСъезды, совещания и т.п _91024046 _3RU\NLR\AUTH\6674089 |
||
| 606 |
_aГорода _jСъезды, совещания и т.п _xПланировка и строительство _9902503 _3RU\NLR\AUTH\668307 |
||
| 675 | _a71 | ||
| 686 | 1 | _aЩ118.2я431 | |
| 686 | 1 | _aЩ11я431 | |
| 686 | 1 | _aН.я431(2) | |
| 702 | 1 |
_4340 _7ca _8rus _aЧернышова _bЭ. П. _cканд. филос. наук _gЭльвира Петровна _958518 _3RU\NLR\AUTH\7775590 |
|
| 711 | 1 | 2 |
_a"Формирование предметно-пространственной среды современного города: Архитектура. Строительство. Дизайн", всероссийская научно-практическая конференция (с международным участием) _eМагнитогорск _f2015 _9514619 _3RU\NLR\AUTH\880425046 |
| 801 | 0 |
_aRU _bРГБ _c20160328 _gRCR |
|
| 801 | 2 |
_aRU _bРГБ _c20160331 _grcr |
|
| 801 | 1 |
_aRU _bРГБ _c20160328 _2rusmarc |
|
| 942 | _cBOOK | ||
| 980 | _aNBR | ||